MARC details
| 000 -CABECERA |
| campo de control de longitud fija |
02911nam a2200337 a 4500 |
| 003 - IDENTIFICADOR DEL NÚMERO DE CONTROL |
| campo de control |
CHAP |
| 005 - FECHA Y HORA DE LA ÚLTIMA TRANSACCIÓN |
| campo de control |
20241220123758.0 |
| 007 - CAMPO FIJO DE DESCRIPCIÓN FÍSICA--INFORMACIÓN GENERAL |
| campo de control de longitud fija |
ta |
| 008 - DATOS DE LONGITUD FIJA--INFORMACIÓN GENERAL |
| campo de control de longitud fija |
241206t2006 mauad||fr|||| 00| 0 eng d |
| 020 ## - NÚMERO INTERNACIONAL ESTÁNDAR DEL LIBRO |
| Número Internacional Estándar del Libro |
978-1-58017-605-7 |
| 040 ## - FUENTE DE LA CATALOGACIÓN |
| Centro catalogador/agencia de origen |
Z |
| Centro/agencia transcriptor |
CHAP |
| Normas de descripción |
rda |
| 041 0# - CÓDIGO DE LENGUA |
| Código de lengua del sumario o resumen |
Inglés |
| Código de lengua de la tabla de contenido |
Inglés |
| 082 00 - NÚMERO DE LA CLASIFICACIÓN DECIMAL DEWEY |
| Número de clasificación |
636.2086 |
| Número de documento/Ítem |
R84 2006 |
| Número de edición |
20 |
| 100 1# - ENTRADA PRINCIPAL--NOMBRE DE PERSONA |
| Nombre de persona |
Ruechel, Julius |
| 9 (RLIN) |
186462 |
| Término indicativo de función/relación |
autor |
| 245 10 - MENCIÓN DE TÍTULO |
| Título |
Grass-fed casttle : |
| Resto del título |
how to produce and market natural beef / |
| Mención de responsabilidad, etc. |
Julius Ruechel |
| 264 #1 - PRODUCCIÓN, PUBLICACIÓN, DISTRIBUCIÓN, FABRICACIÓN Y COPYRIGHT |
| Producción, publicación, distribución, fabricación y copyright |
Nort Adams, Massachusetts : |
| Nombre del de productor, editor, distribuidor, fabricante |
Storey Publishing, |
| Fecha de producción, publicación, distribución, fabricación o copyright |
©2006 |
| 300 ## - DESCRIPCIÓN FÍSICA |
| Extensión |
xii, 372 páginas : |
| Otras características físicas |
ilustraciones, gráficas, tablas |
| 336 ## - TIPO DE CONTENIDO |
| Fuente |
rdacontent |
| Término de tipo de contenido |
texto |
| Código de tipo de contenido |
txt |
| 337 ## - TIPO DE MEDIO |
| Fuente |
rdamedia |
| Nombre/término del tipo de medio |
sin medio |
| Código del tipo de medio |
n |
| 338 ## - TIPO DE SOPORTE |
| Fuente |
rdacarrier |
| Nombre/término del tipo de soporte |
volumen |
| Código del tipo de soporte |
nc |
| 500 ## - NOTA GENERAL |
| Nota general |
ej.1: Consumo |
| 504 ## - NOTA DE BIBLIOGRAFÍA, ETC. |
| Nota de bibliografía, etc. |
Bibliografía: páginas 361 - 362 |
| 505 0# - NOTA DE CONTENIDO CON FORMATO |
| Nota de contenido con formato |
Foreword -- Preface -- Acknowledgments -- Introduction -- Part One: The fundamentals of grass-based beef -- 1. The great herds and their grasslands -- 2. Genetic and breeding: selecting the right animals for your herd -- 3. The cattle yerar on grass -- 4. Grass and grazing -- Part Two: Infraestructure and management -- 5. Electric fances and rotational grazing -- 6. Livestok water -- 7. Planning for winter grazing -- 8. Planning for drought -- 9. Managing your herd -- 10. Pests, parasites, and diseases -- 11. Soil fertility -- 12. Weeds -- 13. Soil moisture and irrigation -- Part Three: Bussiness planning and marketing -- 14. Land and equipment -- 15. Market options -- 16. Stocker cattle -- 17. Grass -finished beef -- 18. Organic certification -- 19. Dynamic marketing -- 20. Helpful business-management tools -- 21. Your goals and market opportunities -- 22. Your financial plans -- 23. Your cattle year on grass -- 24. Your grazing infraestructure -- 25. Your grazing plan -- 26. Your herd nutrition plan -- 27. Your grass-finishing plan -- 28. Your marketing plan -- 29. Planning for Adversity -- 30. Planning for chage -- Epilogue -- Metric conversion chart -- Resources -- Bibliography and additional readings -- Index. |
| 520 ## - SUMARIO, ETC. |
| Sumario, etc. |
Successfully raise grass-fed cattle and enjoy the benefits of great-tasting beef and a financially stable enterprise. In this comprehensive guide, Julius Ruechel covers every aspect of raising healthy and thriving grass-fed cattle, offering advice on herd selection, pasture management, medical care, necessary equipment, winter grazing, slaughtering procedures, and more. With tips on creating a viable business plan and identifying niche markets for your beef, Ruechel provides everything you need to know to develop a profitable and environmentally sustainable grass-fed cattle operation. |
| 534 ## - NOTA SOBRE LA VERSIÓN ORIGINAL |
| Frase introductoria |
Título original: |
| 650 13 - PUNTO DE ACCESO ADICIONAL DE MATERIA--TÉRMINO DE MATERIA |
| Término de materia o nombre geográfico como elemento de entrada |
Ganado bovino |
| 9 (RLIN) |
138033 |
| 650 13 - PUNTO DE ACCESO ADICIONAL DE MATERIA--TÉRMINO DE MATERIA |
| Término de materia o nombre geográfico como elemento de entrada |
Ganado de carne |
| Subdivisión general |
Alimentación |
| 9 (RLIN) |
45068 |
| 650 13 - PUNTO DE ACCESO ADICIONAL DE MATERIA--TÉRMINO DE MATERIA |
| Término de materia o nombre geográfico como elemento de entrada |
Ganado alimentado con pasto |
| 9 (RLIN) |
144244 |
| 650 13 - PUNTO DE ACCESO ADICIONAL DE MATERIA--TÉRMINO DE MATERIA |
| Término de materia o nombre geográfico como elemento de entrada |
Explotación ganadera |
| 9 (RLIN) |
189095 |
| Subdivisión general |
Comercio |
| 942 ## - ELEMENTOS DE PUNTO DE ACCESO ADICIONAL (KOHA) |
| Fuente del sistema de clasificación o colocación |
Dewey Decimal Classification |
| Tipo de ítem Koha |
Libro |